|
|
|
|
| LEADER |
00000nab a2200000 ar4500 |
| 001 |
vtls009355931 |
| 003 |
SK-MaSNL |
| 005 |
20260304032944.0 |
| 008 |
081031c1974 xo |r|p|||||||000 b|slo |
| 015 |
|
|
|a SNBRB1974
|
| 038 |
|
|
|a SNKBUCL
|
| 040 |
|
|
|a SNKBUCL
|b slo
|c SNKBUCL
|e AACR2
|
| 041 |
|
|
|a slo
|
| 044 |
|
|
|a xo
|c SK
|
| 080 |
|
|
|a 75.077.071.1
|2 1997
|
| 100 |
1 |
|
|a Čiljak, Jaroslav,
|d 1933-2002
|4 aut
|9 172541
|
| 245 |
1 |
0 |
|a Juraj Lauko osemdesiatročný
|c Jaroslav Čiljak
|
| 300 |
|
|
|b Obr.
|
| 600 |
1 |
7 |
|a Lauko, Juraj,
|d 1894-1974
|2 snkbucl
|9 160251
|
| 773 |
0 |
|
|t Výtvarníctvo fotografia film
|g Roč. 12, č. 2 (1974), s. 28
|
| 852 |
|
|
|a SNK
|b KIS3GCP
|
| 958 |
|
|
|a BX
|
| 999 |
|
|
|c 2645809
|d 2647739
|